<?xml version="1.0" encoding="UTF-8"?>
<marc:record xmlns:marc="http://www.loc.gov/MARC21/slim" type="Bibliographic">
   <marc:leader>00000pam a2200000 c 4500</marc:leader>
   <marc:controlfield tag="001">1079681795</marc:controlfield>
   <marc:controlfield tag="003">DE-101</marc:controlfield>
   <marc:controlfield tag="005">20190226131040.0</marc:controlfield>
   <marc:controlfield tag="007">tu</marc:controlfield>
   <marc:controlfield tag="008">151203s2016    gw ||||| |||| 00||||eng  </marc:controlfield>
   <marc:datafield ind1=" " ind2=" " tag="015">
      <marc:subfield code="a">17,A26</marc:subfield>
      <marc:subfield code="z">15,N50</marc:subfield>
      <marc:subfield code="2">dnb</marc:subfield>
   </marc:datafield>
   <marc:datafield ind1="7" ind2=" " tag="016">
      <marc:subfield code="2">DE-101</marc:subfield>
      <marc:subfield code="a">1079681795</marc:subfield>
   </marc:datafield>
   <marc:datafield ind1=" " ind2=" " tag="020">
      <marc:subfield code="a">9783791355368</marc:subfield>
      <marc:subfield code="c">Festeinband : EUR 51.40 (AT), sfr 65.00 (freier Pr.), EUR 49.95 (DE), GBP 45.00 (GB)</marc:subfield>
      <marc:subfield code="9">978-3-7913-5536-8</marc:subfield>
   </marc:datafield>
   <marc:datafield ind1=" " ind2=" " tag="020">
      <marc:subfield code="a">3791355368</marc:subfield>
      <marc:subfield code="9">3-7913-5536-8</marc:subfield>
   </marc:datafield>
   <marc:datafield ind1="3" ind2=" " tag="024">
      <marc:subfield code="a">9783791355368</marc:subfield>
   </marc:datafield>
   <marc:datafield ind1=" " ind2=" " tag="035">
      <marc:subfield code="a">(DE-599)DNB1079681795</marc:subfield>
   </marc:datafield>
   <marc:datafield ind1=" " ind2=" " tag="035">
      <marc:subfield code="a">(OCoLC)954159623</marc:subfield>
   </marc:datafield>
   <marc:datafield ind1=" " ind2=" " tag="035">
      <marc:subfield code="a">(OCoLC)932031199</marc:subfield>
   </marc:datafield>
   <marc:datafield ind1=" " ind2=" " tag="040">
      <marc:subfield code="a">1245</marc:subfield>
      <marc:subfield code="b">ger</marc:subfield>
      <marc:subfield code="c">DE-101</marc:subfield>
      <marc:subfield code="d">1250</marc:subfield>
      <marc:subfield code="e">rda</marc:subfield>
   </marc:datafield>
   <marc:datafield ind1=" " ind2=" " tag="041">
      <marc:subfield code="a">eng</marc:subfield>
      <marc:subfield code="h">ger</marc:subfield>
   </marc:datafield>
   <marc:datafield ind1=" " ind2=" " tag="044">
      <marc:subfield code="c">XA-DE-BY</marc:subfield>
   </marc:datafield>
   <marc:datafield ind1="0" ind2="4" tag="082">
      <marc:subfield code="8">1\u</marc:subfield>
      <marc:subfield code="a">709.0410744945424</marc:subfield>
      <marc:subfield code="q">DE-101</marc:subfield>
      <marc:subfield code="2">22/ger</marc:subfield>
   </marc:datafield>
   <marc:datafield ind1="7" ind2=" " tag="083">
      <marc:subfield code="a">700</marc:subfield>
      <marc:subfield code="a">060</marc:subfield>
      <marc:subfield code="q">DE-101</marc:subfield>
      <marc:subfield code="2">23sdnb</marc:subfield>
   </marc:datafield>
   <marc:datafield ind1=" " ind2=" " tag="085">
      <marc:subfield code="8">1\u</marc:subfield>
      <marc:subfield code="b">709.04</marc:subfield>
   </marc:datafield>
   <marc:datafield ind1=" " ind2=" " tag="085">
      <marc:subfield code="8">1\u</marc:subfield>
      <marc:subfield code="z">1</marc:subfield>
      <marc:subfield code="s">09041</marc:subfield>
   </marc:datafield>
   <marc:datafield ind1=" " ind2=" " tag="085">
      <marc:subfield code="8">1\u</marc:subfield>
      <marc:subfield code="z">1</marc:subfield>
      <marc:subfield code="s">074</marc:subfield>
   </marc:datafield>
   <marc:datafield ind1=" " ind2=" " tag="085">
      <marc:subfield code="8">1\u</marc:subfield>
      <marc:subfield code="z">2</marc:subfield>
      <marc:subfield code="s">4945424</marc:subfield>
   </marc:datafield>
   <marc:datafield ind1=" " ind2=" " tag="090">
      <marc:subfield code="a">b</marc:subfield>
   </marc:datafield>
   <marc:datafield ind1="0" ind2=" " tag="130">
      <marc:subfield code="a">Moderne Meister</marc:subfield>
      <marc:subfield code="g">Kunstmuseum Bern</marc:subfield>
   </marc:datafield>
   <marc:datafield ind1="1" ind2="0" tag="245">
      <marc:subfield code="a">Modern masters</marc:subfield>
      <marc:subfield code="b">"degenerate" art at the Kunstmuseum Bern</marc:subfield>
      <marc:subfield code="c">edited by Matthias Frehner and Daniel Spanke</marc:subfield>
   </marc:datafield>
   <marc:datafield ind1=" " ind2="1" tag="264">
      <marc:subfield code="a">Munich</marc:subfield>
      <marc:subfield code="a">London</marc:subfield>
      <marc:subfield code="a">New York</marc:subfield>
      <marc:subfield code="b">Prestel</marc:subfield>
      <marc:subfield code="c">[2016]</marc:subfield>
   </marc:datafield>
   <marc:datafield ind1=" " ind2=" " tag="300">
      <marc:subfield code="a">376 Seiten</marc:subfield>
      <marc:subfield code="c">29 cm</marc:subfield>
   </marc:datafield>
   <marc:datafield ind1=" " ind2=" " tag="336">
      <marc:subfield code="a">Text</marc:subfield>
      <marc:subfield code="b">txt</marc:subfield>
      <marc:subfield code="2">rdacontent</marc:subfield>
   </marc:datafield>
   <marc:datafield ind1=" " ind2=" " tag="336">
      <marc:subfield code="a">unbewegtes Bild</marc:subfield>
      <marc:subfield code="b">sti</marc:subfield>
      <marc:subfield code="2">rdacontent</marc:subfield>
   </marc:datafield>
   <marc:datafield ind1=" " ind2=" " tag="337">
      <marc:subfield code="a">ohne Hilfsmittel zu benutzen</marc:subfield>
      <marc:subfield code="b">n</marc:subfield>
      <marc:subfield code="2">rdamedia</marc:subfield>
   </marc:datafield>
   <marc:datafield ind1=" " ind2=" " tag="338">
      <marc:subfield code="a">Band</marc:subfield>
      <marc:subfield code="b">nc</marc:subfield>
      <marc:subfield code="2">rdacarrier</marc:subfield>
   </marc:datafield>
   <marc:datafield ind1="1" ind2="7" tag="600">
      <marc:subfield code="0">(DE-588)104425453X</marc:subfield>
      <marc:subfield code="0">https://d-nb.info/gnd/104425453X</marc:subfield>
      <marc:subfield code="0">(DE-101)104425453X</marc:subfield>
      <marc:subfield code="a">Gurlitt, Cornelius</marc:subfield>
      <marc:subfield code="d">1932-2014</marc:subfield>
      <marc:subfield code="2">gnd</marc:subfield>
   </marc:datafield>
   <marc:datafield ind1="2" ind2="7" tag="610">
      <marc:subfield code="0">(DE-588)2016799-4</marc:subfield>
      <marc:subfield code="0">https://d-nb.info/gnd/2016799-4</marc:subfield>
      <marc:subfield code="0">(DE-101)00475347X</marc:subfield>
      <marc:subfield code="a">Kunstmuseum Bern</marc:subfield>
      <marc:subfield code="2">gnd</marc:subfield>
   </marc:datafield>
   <marc:datafield ind1="2" ind2="7" tag="610">
      <marc:subfield code="0">(DE-588)2016799-4</marc:subfield>
      <marc:subfield code="0">https://d-nb.info/gnd/2016799-4</marc:subfield>
      <marc:subfield code="0">(DE-101)00475347X</marc:subfield>
      <marc:subfield code="a">Kunstmuseum Bern</marc:subfield>
      <marc:subfield code="2">gnd</marc:subfield>
   </marc:datafield>
   <marc:datafield ind1="2" ind2="7" tag="610">
      <marc:subfield code="0">(DE-588)2016799-4</marc:subfield>
      <marc:subfield code="0">https://d-nb.info/gnd/2016799-4</marc:subfield>
      <marc:subfield code="0">(DE-101)00475347X</marc:subfield>
      <marc:subfield code="a">Kunstmuseum Bern</marc:subfield>
      <marc:subfield code="2">gnd</marc:subfield>
   </marc:datafield>
   <marc:datafield ind1=" " ind2="7" tag="648">
      <marc:subfield code="a">Geschichte 1879-1940</marc:subfield>
      <marc:subfield code="2">gnd</marc:subfield>
   </marc:datafield>
   <marc:datafield ind1=" " ind2="7" tag="650">
      <marc:subfield code="0">(DE-588)4114333-4</marc:subfield>
      <marc:subfield code="0">https://d-nb.info/gnd/4114333-4</marc:subfield>
      <marc:subfield code="0">(DE-101)041143337</marc:subfield>
      <marc:subfield code="a">Kunst</marc:subfield>
      <marc:subfield code="2">gnd</marc:subfield>
   </marc:datafield>
   <marc:datafield ind1=" " ind2="7" tag="650">
      <marc:subfield code="0">(DE-588)4039827-4</marc:subfield>
      <marc:subfield code="0">https://d-nb.info/gnd/4039827-4</marc:subfield>
      <marc:subfield code="0">(DE-101)040398277</marc:subfield>
      <marc:subfield code="a">Moderne</marc:subfield>
      <marc:subfield code="2">gnd</marc:subfield>
   </marc:datafield>
   <marc:datafield ind1=" " ind2="7" tag="650">
      <marc:subfield code="0">(DE-588)4015451-8</marc:subfield>
      <marc:subfield code="0">https://d-nb.info/gnd/4015451-8</marc:subfield>
      <marc:subfield code="0">(DE-101)040154513</marc:subfield>
      <marc:subfield code="a">Erwerbung</marc:subfield>
      <marc:subfield code="2">gnd</marc:subfield>
   </marc:datafield>
   <marc:datafield ind1=" " ind2="7" tag="650">
      <marc:subfield code="0">(DE-588)4152320-9</marc:subfield>
      <marc:subfield code="0">https://d-nb.info/gnd/4152320-9</marc:subfield>
      <marc:subfield code="0">(DE-101)041523202</marc:subfield>
      <marc:subfield code="a">Entartete Kunst</marc:subfield>
      <marc:subfield code="2">gnd</marc:subfield>
   </marc:datafield>
   <marc:datafield ind1=" " ind2="7" tag="650">
      <marc:subfield code="0">(DE-588)7697228-8</marc:subfield>
      <marc:subfield code="0">https://d-nb.info/gnd/7697228-8</marc:subfield>
      <marc:subfield code="0">(DE-101)1001334752</marc:subfield>
      <marc:subfield code="a">Provenienzforschung</marc:subfield>
      <marc:subfield code="2">gnd</marc:subfield>
   </marc:datafield>
   <marc:datafield ind1=" " ind2="7" tag="650">
      <marc:subfield code="0">(DE-588)4128844-0</marc:subfield>
      <marc:subfield code="0">https://d-nb.info/gnd/4128844-0</marc:subfield>
      <marc:subfield code="0">(DE-101)041288440</marc:subfield>
      <marc:subfield code="a">Sammlung</marc:subfield>
      <marc:subfield code="2">gnd</marc:subfield>
   </marc:datafield>
   <marc:datafield ind1=" " ind2="7" tag="650">
      <marc:subfield code="0">(DE-588)4114333-4</marc:subfield>
      <marc:subfield code="0">https://d-nb.info/gnd/4114333-4</marc:subfield>
      <marc:subfield code="0">(DE-101)041143337</marc:subfield>
      <marc:subfield code="a">Kunst</marc:subfield>
      <marc:subfield code="2">gnd</marc:subfield>
   </marc:datafield>
   <marc:datafield ind1=" " ind2=" " tag="653">
      <marc:subfield code="a">(Produktform)Hardback</marc:subfield>
   </marc:datafield>
   <marc:datafield ind1=" " ind2=" " tag="653">
      <marc:subfield code="a">"entarteter Künstler"</marc:subfield>
   </marc:datafield>
   <marc:datafield ind1=" " ind2=" " tag="653">
      <marc:subfield code="a">Entartete Kunst</marc:subfield>
   </marc:datafield>
   <marc:datafield ind1=" " ind2=" " tag="653">
      <marc:subfield code="a">Ernst Ludwig Kirchner</marc:subfield>
   </marc:datafield>
   <marc:datafield ind1=" " ind2=" " tag="653">
      <marc:subfield code="a">Kunstmuseum Bern</marc:subfield>
   </marc:datafield>
   <marc:datafield ind1=" " ind2=" " tag="653">
      <marc:subfield code="a">Otto Dix</marc:subfield>
   </marc:datafield>
   <marc:datafield ind1=" " ind2=" " tag="653">
      <marc:subfield code="a">Paul Klee</marc:subfield>
   </marc:datafield>
   <marc:datafield ind1=" " ind2=" " tag="653">
      <marc:subfield code="a">(VLB-WN)1580: Hardcover, Softcover / Kunst</marc:subfield>
   </marc:datafield>
   <marc:datafield ind1=" " ind2="7" tag="655">
      <marc:subfield code="0">(DE-588)4135467-9</marc:subfield>
      <marc:subfield code="0">https://d-nb.info/gnd/4135467-9</marc:subfield>
      <marc:subfield code="0">(DE-101)041354672</marc:subfield>
      <marc:subfield code="a">Ausstellungskatalog</marc:subfield>
      <marc:subfield code="x">Kunstmuseum Bern</marc:subfield>
      <marc:subfield code="y">07.04.2016-21.08.2016</marc:subfield>
      <marc:subfield code="z">Bern</marc:subfield>
      <marc:subfield code="2">gnd-content</marc:subfield>
   </marc:datafield>
   <marc:datafield ind1=" " ind2="7" tag="655">
      <marc:subfield code="0">(DE-588)4145395-5</marc:subfield>
      <marc:subfield code="0">https://d-nb.info/gnd/4145395-5</marc:subfield>
      <marc:subfield code="0">(DE-101)041453956</marc:subfield>
      <marc:subfield code="a">Bildband</marc:subfield>
      <marc:subfield code="2">gnd-content</marc:subfield>
   </marc:datafield>
   <marc:datafield ind1="0" ind2="0" tag="689">
      <marc:subfield code="0">(DE-588)2016799-4</marc:subfield>
      <marc:subfield code="0">https://d-nb.info/gnd/2016799-4</marc:subfield>
      <marc:subfield code="0">(DE-101)00475347X</marc:subfield>
      <marc:subfield code="D">b</marc:subfield>
      <marc:subfield code="a">Kunstmuseum Bern</marc:subfield>
   </marc:datafield>
   <marc:datafield ind1="0" ind2="1" tag="689">
      <marc:subfield code="0">(DE-588)4114333-4</marc:subfield>
      <marc:subfield code="0">https://d-nb.info/gnd/4114333-4</marc:subfield>
      <marc:subfield code="0">(DE-101)041143337</marc:subfield>
      <marc:subfield code="D">s</marc:subfield>
      <marc:subfield code="a">Kunst</marc:subfield>
   </marc:datafield>
   <marc:datafield ind1="0" ind2="2" tag="689">
      <marc:subfield code="0">(DE-588)4039827-4</marc:subfield>
      <marc:subfield code="0">https://d-nb.info/gnd/4039827-4</marc:subfield>
      <marc:subfield code="0">(DE-101)040398277</marc:subfield>
      <marc:subfield code="D">s</marc:subfield>
      <marc:subfield code="a">Moderne</marc:subfield>
   </marc:datafield>
   <marc:datafield ind1="0" ind2="3" tag="689">
      <marc:subfield code="A">z</marc:subfield>
      <marc:subfield code="a">Geschichte 1879-1940</marc:subfield>
   </marc:datafield>
   <marc:datafield ind1="0" ind2=" " tag="689">
      <marc:subfield code="5">DE-101</marc:subfield>
      <marc:subfield code="5">DE-101</marc:subfield>
   </marc:datafield>
   <marc:datafield ind1="1" ind2="0" tag="689">
      <marc:subfield code="0">(DE-588)2016799-4</marc:subfield>
      <marc:subfield code="0">https://d-nb.info/gnd/2016799-4</marc:subfield>
      <marc:subfield code="0">(DE-101)00475347X</marc:subfield>
      <marc:subfield code="D">b</marc:subfield>
      <marc:subfield code="a">Kunstmuseum Bern</marc:subfield>
   </marc:datafield>
   <marc:datafield ind1="1" ind2="1" tag="689">
      <marc:subfield code="0">(DE-588)4015451-8</marc:subfield>
      <marc:subfield code="0">https://d-nb.info/gnd/4015451-8</marc:subfield>
      <marc:subfield code="0">(DE-101)040154513</marc:subfield>
      <marc:subfield code="D">s</marc:subfield>
      <marc:subfield code="a">Erwerbung</marc:subfield>
   </marc:datafield>
   <marc:datafield ind1="1" ind2="2" tag="689">
      <marc:subfield code="0">(DE-588)4152320-9</marc:subfield>
      <marc:subfield code="0">https://d-nb.info/gnd/4152320-9</marc:subfield>
      <marc:subfield code="0">(DE-101)041523202</marc:subfield>
      <marc:subfield code="D">s</marc:subfield>
      <marc:subfield code="a">Entartete Kunst</marc:subfield>
   </marc:datafield>
   <marc:datafield ind1="1" ind2="3" tag="689">
      <marc:subfield code="0">(DE-588)7697228-8</marc:subfield>
      <marc:subfield code="0">https://d-nb.info/gnd/7697228-8</marc:subfield>
      <marc:subfield code="0">(DE-101)1001334752</marc:subfield>
      <marc:subfield code="D">s</marc:subfield>
      <marc:subfield code="a">Provenienzforschung</marc:subfield>
   </marc:datafield>
   <marc:datafield ind1="1" ind2=" " tag="689">
      <marc:subfield code="5">DE-101</marc:subfield>
      <marc:subfield code="5">DE-101</marc:subfield>
   </marc:datafield>
   <marc:datafield ind1="2" ind2="0" tag="689">
      <marc:subfield code="0">(DE-588)104425453X</marc:subfield>
      <marc:subfield code="0">https://d-nb.info/gnd/104425453X</marc:subfield>
      <marc:subfield code="0">(DE-101)104425453X</marc:subfield>
      <marc:subfield code="D">p</marc:subfield>
      <marc:subfield code="a">Gurlitt, Cornelius</marc:subfield>
      <marc:subfield code="d">1932-2014</marc:subfield>
   </marc:datafield>
   <marc:datafield ind1="2" ind2="1" tag="689">
      <marc:subfield code="0">(DE-588)4128844-0</marc:subfield>
      <marc:subfield code="0">https://d-nb.info/gnd/4128844-0</marc:subfield>
      <marc:subfield code="0">(DE-101)041288440</marc:subfield>
      <marc:subfield code="D">s</marc:subfield>
      <marc:subfield code="a">Sammlung</marc:subfield>
   </marc:datafield>
   <marc:datafield ind1="2" ind2="2" tag="689">
      <marc:subfield code="0">(DE-588)4114333-4</marc:subfield>
      <marc:subfield code="0">https://d-nb.info/gnd/4114333-4</marc:subfield>
      <marc:subfield code="0">(DE-101)041143337</marc:subfield>
      <marc:subfield code="D">s</marc:subfield>
      <marc:subfield code="a">Kunst</marc:subfield>
   </marc:datafield>
   <marc:datafield ind1="2" ind2="3" tag="689">
      <marc:subfield code="0">(DE-588)2016799-4</marc:subfield>
      <marc:subfield code="0">https://d-nb.info/gnd/2016799-4</marc:subfield>
      <marc:subfield code="0">(DE-101)00475347X</marc:subfield>
      <marc:subfield code="D">b</marc:subfield>
      <marc:subfield code="a">Kunstmuseum Bern</marc:subfield>
   </marc:datafield>
   <marc:datafield ind1="2" ind2=" " tag="689">
      <marc:subfield code="5">DE-101</marc:subfield>
      <marc:subfield code="5">DE-101</marc:subfield>
   </marc:datafield>
   <marc:datafield ind1="1" ind2=" " tag="700">
      <marc:subfield code="0">(DE-588)122764528</marc:subfield>
      <marc:subfield code="0">https://d-nb.info/gnd/122764528</marc:subfield>
      <marc:subfield code="0">(DE-101)122764528</marc:subfield>
      <marc:subfield code="a">Frehner, Matthias</marc:subfield>
      <marc:subfield code="d">1955-</marc:subfield>
      <marc:subfield code="e">Herausgeber</marc:subfield>
      <marc:subfield code="4">edt</marc:subfield>
      <marc:subfield code="2">gnd</marc:subfield>
   </marc:datafield>
   <marc:datafield ind1="2" ind2=" " tag="710">
      <marc:subfield code="0">(DE-588)2016799-4</marc:subfield>
      <marc:subfield code="0">https://d-nb.info/gnd/2016799-4</marc:subfield>
      <marc:subfield code="0">(DE-101)00475347X</marc:subfield>
      <marc:subfield code="a">Kunstmuseum Bern</marc:subfield>
      <marc:subfield code="e">Herausgebendes Organ</marc:subfield>
      <marc:subfield code="4">isb</marc:subfield>
      <marc:subfield code="2">gnd</marc:subfield>
   </marc:datafield>
   <marc:datafield ind1="2" ind2=" " tag="710">
      <marc:subfield code="0">(DE-588)2179043-7</marc:subfield>
      <marc:subfield code="0">https://d-nb.info/gnd/2179043-7</marc:subfield>
      <marc:subfield code="0">(DE-101)957321961</marc:subfield>
      <marc:subfield code="a">Prestel Verlag</marc:subfield>
      <marc:subfield code="e">Verlag</marc:subfield>
      <marc:subfield code="4">pbl</marc:subfield>
      <marc:subfield code="2">gnd</marc:subfield>
   </marc:datafield>
   <marc:datafield ind1="0" ind2="8" tag="775">
      <marc:subfield code="i">Parallele Sprachausgabe</marc:subfield>
      <marc:subfield code="n">deutsch</marc:subfield>
      <marc:subfield code="t">Moderne Meister</marc:subfield>
      <marc:subfield code="d">München ; London ; New York : Prestel, [2016]</marc:subfield>
      <marc:subfield code="h">376 Seiten</marc:subfield>
      <marc:subfield code="w">(DE-101)1079172971</marc:subfield>
   </marc:datafield>
   <marc:datafield ind1=" " ind2=" " tag="850">
      <marc:subfield code="a">DE-101a</marc:subfield>
      <marc:subfield code="a">DE-101b</marc:subfield>
   </marc:datafield>
   <marc:datafield ind1="4" ind2="2" tag="856">
      <marc:subfield code="m">X:MVB</marc:subfield>
      <marc:subfield code="q">text/html</marc:subfield>
      <marc:subfield code="u">http://deposit.dnb.de/cgi-bin/dokserv?id=71094258ac714a23a6da3dc0b5bb2866&amp;prov=M&amp;dok_var=1&amp;dok_ext=htm</marc:subfield>
      <marc:subfield code="3">Inhaltstext</marc:subfield>
   </marc:datafield>
   <marc:datafield ind1="4" ind2="2" tag="856">
      <marc:subfield code="m">B:DE-101</marc:subfield>
      <marc:subfield code="q">application/pdf</marc:subfield>
      <marc:subfield code="u">https://d-nb.info/1079681795/04</marc:subfield>
      <marc:subfield code="3">Inhaltsverzeichnis</marc:subfield>
   </marc:datafield>
   <marc:datafield ind1="r" ind2=" " tag="925">
      <marc:subfield code="a">ra</marc:subfield>
   </marc:datafield>
</marc:record>
